Online Catalogue and eLibrary

Pletogo sahithya sankalpa ha nirmana (Record no. 688)

MARC details
000 -LEADER
fixed length control field 00404nam a2200157Ia 4500
005 - DATE AND TIME OF LATEST TRANSACTION
control field 20250509035222.0
008 - FIXED-LENGTH DATA ELEMENTS--GENERAL INFORMATION
fixed length control field 240331s9999 xx 000 0 und d
020 ## - INTERNATIONAL STANDARD BOOK NUMBER
ISBN 9559525530
082 ## - DDC Classification
Class No. 100
Item Number - Author Mark JAY
100 ## - MAIN ENTRY--PERSONAL NAME
Personal name Jayasekara, K
245 #0 - TITLE STATEMENT
Title Pletogo sahithya sankalpa ha nirmana
260 ## - PUBLICATION, DISTRIBUTION, ETC.
Place of publication, distribution, etc. Kelaniya
Name of publisher, distributor, etc. University of Kelaniya
Date of publication, distribution, etc. 1994
300 ## - PHYSICAL DESCRIPTION
Extent (e.g. Volumes, Pages etc.) 148 p .,
500 ## - GENERAL NOTE
General note Philosophy of Pilato
942 ## - Koha item type (Biblio)
Koha item type Books in Stacks (Lending)
Holdings
Lost status Damaged status Collection code Home library Current library Shelving location Date acquired Full call number Accession Number Item type
    Lending WERC Library WERC Library Social Science Cupboard 03/31/2024 100 JAY 3822 Books in Stacks (Lending)

© WERC Library